Datum a čas kvízu
27.5
Celkem bodů
Celkový počet nahraných bodů na tomto kvízu bez doplňovacích otázek.
7.
Pořadí na kvízu
Konečné umístění týmu na tomto kvízu.
Zaznamenané odpovědi
| # | Otázka | Odpověď | Body | Výsledky |
|---|---|---|---|---|
| 1. | Bývalý fotbalista Tomáš Řepka... | 2,5 roku | 1 | |
| 2. | Bílý dům chtěl po americkém ná... | John McCain | 0 | |
| 3. | V úterý byly před zlínským Vel... | Helena Vondráčková, Jan Hrušínský | 0 | |
| 4. | V úterý byl vyhlášen v České r... | Den daňové svobody | 1 | |
| 5. | Jaké bylo konečné skóre finálo... | 4:1 | 1 | |
| 6. | Začneme složením vzduchu. Že j... | 1B 2A 3D 4C | 0 | |
| 7. | Kvalitě vzduchu v restauracích... | 2. čtvrtletí 2017 | 0 | |
| 8. | Seřaďte první čtyři vrstvy atm... | 1A 2B 3C 4D | 0 | |
| 9. | Černé soustředné čáry na mapě... | hektopascal (hPa) | 1 | |
| 10. | Vítr je zjednodušeně řečeno po... | meteorismus | 0 |